[Event "POL Olympiad U14"]
[Site "Walbrzych"]
[Date "2013.??.??"]
[Round "2.23"]
[White "Molenda, Mikolaj"]
[Black "Fudalej, Slawomir"]
[Result "0-1"]
[WhiteElo "1346"]
[BlackElo "1620"]
[PlyCount "82"]
[EventDate "2013.04.??"]
[EventType "team-swiss"]
[EventRounds "9"]
[EventCountry "POL"]
[SourceTitle "EXT 2014"]
[Source "ChessBase"]
[SourceDate "2013.11.20"]
[SourceVersion "1"]
[SourceVersionDate "2013.11.20"]
[SourceQuality "1"]

1. e4 e5 2. Nf3 Nc6 3. Bb5 a6 4. Ba4 Nf6 5. 0-0 Be7 6. Re1 b5 7. Bb3 d6 8. h3 Na5 9. c3 Nxb3 10. Qxb3 Bb7 11. Qc2 c5 12. d4 cxd4 13. cxd4 Rc8 14. Qd1 exd4 15. Qxd4 Bxe4 16. Qe3 d5 17. Nc3 b4 18. Ne2 Bc5 19. Nfd4 0-0 20. Qg3 Bg6 21. Bg5 Ne4 22. Bxd8 Nxg3 23. Nxg3 Bxd4 24. Rad1 Bxf2+ 25. Kxf2 Rfxd8 26. Re2 Rc2 27. Rxc2 Bxc2 28. Rd2 Bg6 29. Rd4 a5 30. a3 bxa3 31. bxa3 f6 32. Ne2 Bf7 33. Nc3 Kf8 34. Ne4 Ke7 35. Nc5 Rc8 36. Nb7 Rc2+ 37. Kf1 Rc4 38. Rd3 a4 39. Ke2 Rc7 40. Na5 Rc5 41. Nb7 Rb5 0-1

[Event "Wroclaw Cup-B"]
[Site "Wroclaw"]
[Date "2012.05.03"]
[Round "9"]
[White "Molenda, Mikolaj"]
[Black "Mazurkiewicz, Lukasz"]
[Result "1/2-1/2"]
[WhiteElo "1386"]
[BlackElo "1386"]
[PlyCount "35"]
[EventDate "2012.04.30"]
[EventType "swiss"]
[EventRounds "9"]
[EventCountry "POL"]
[SourceTitle "EXT 2013"]
[Source "ChessBase"]
[SourceDate "2012.11.22"]
[SourceVersion "1"]
[SourceVersionDate "2012.11.22"]
[SourceQuality "1"]

1. e4 c5 2. Nf3 Nc6 3. c3 d5 4. Bd3 Bg4 5. Bc2 d4 6. d3 e5 7. Bb3 Nf6 8. h3 Bxf3 9. Qxf3 g6 10. Ba4 Rc8 11. Bg5 Bg7 12. 0-0 0-0 13. Qg3 Qd6 14. Bxc6 Rxc6 15. c4 a6 16. Nd2 Re8 17. b3 Rcc8 18. Qf3 1/2-1/2